<?xml version="1.0" encoding="UTF-8"?>
<record
    xmlns:xsi="http://www.w3.org/2001/XMLSchema-instance"
    xsi:schemaLocation="http://www.loc.gov/MARC21/slim http://www.loc.gov/standards/marcxml/schema/MARC21slim.xsd"
    xmlns="http://www.loc.gov/MARC21/slim">

  <leader>02184    a2200169   4500</leader>
  <controlfield tag="001">123753</controlfield>
  <datafield tag="020" ind1=" " ind2=" ">
    <subfield code="a">9788532527486</subfield>
  </datafield>
  <datafield tag="040" ind1=" " ind2=" ">
    <subfield code="c">Escola Canadense de Niteroi</subfield>
  </datafield>
  <datafield tag="090" ind1=" " ind2=" ">
    <subfield code="a">TOR</subfield>
  </datafield>
  <datafield tag="100" ind1=" " ind2=" ">
    <subfield code="a">Del Toro, Guillermo</subfield>
  </datafield>
  <datafield tag="245" ind1="1" ind2="0">
    <subfield code="a">Noite Eterna</subfield>
  </datafield>
  <datafield tag="260" ind1=" " ind2=" ">
    <subfield code="a">Rio de Janeiro</subfield>
  </datafield>
  <datafield tag="362" ind1="0" ind2=" ">
    <subfield code="a">2012</subfield>
  </datafield>
  <datafield tag="490" ind1="0" ind2=" ">
    <subfield code="a">Trilogia da Escurid&#xE3;o </subfield>
  </datafield>
  <datafield tag="520" ind1=" " ind2=" ">
    <subfield code="a">A magia e a for&#xE7;a narrativa da dupla Guillermo de Toro e Chuck Hogan &#x2013; o primeiro consagrado pelo premiad&#xED;ssimo filme O labirinto do fauno, e o segundo, reconhecido por Stephen King como um dos maiores escritores de suspense da atualidade - continuam agora na conclus&#xE3;o da Trilogia da Escurid&#xE3;o, iniciada com o best seller Noturno. Em Noite eterna, a dupla encerra uma saga &#xE9;pica aterradora e vertiginosa, que atualiza as tradicionais hist&#xF3;rias de vampiros ao adicionar a elas um suspense eletrizante, com estrutura de investiga&#xE7;&#xE3;o policial compar&#xE1;vel &#xE0; de s&#xE9;ries de sucesso como CSI, em que os protagonistas t&#xEA;m um olhar cient&#xED;fico sobre os fatos.

No terceiro volume da saga, os bebedores de sangue, infectados por um v&#xED;rus letal, ganharam a guerra. Em uma noite aterrorizante, denominada Noite Zero, um ter&#xE7;o da humanidade foi eliminada.

Depois do sucesso retumbante de seu plano, o Mestre, l&#xED;der absoluto do movimento dos vampiros, normalizou a situa&#xE7;&#xE3;o planet&#xE1;ria restaurando uma falsa estrutura de ordem e rotina. Assim, &#xE1;gua, energia, as redes de televis&#xE3;o, com seus notici&#xE1;rios, obviamente reprisados, voltaram para os humanos sobreviventes. Ele sabia que deveria haver uma propor&#xE7;&#xE3;o de humanos para alimentar seu ex&#xE9;rcito de strigoi, agora alimentados preferencialmente com sangue B positivo.

Com uma narrativa &#xE1;gil, Noite eterna remete &#xE0; ideia do Apocalipse, um mundo sem retorno, onde a &#xFA;nica sa&#xED;da pode ser a destrui&#xE7;&#xE3;o total para que ent&#xE3;o se comece do zero. O fim dos tempos est&#xE1; pr&#xF3;ximo. Nele, todos e tudo que se conhecia ter&#xE3;o desaparecido. Neste momento, todos os relacionamentos s&#xE3;o baseados na for&#xE7;a e no dom&#xED;nio. Esta &#xE9; a cren&#xE7;a dominante nesta nova ordem mundial contaminada pelo vampirismo. E nada indica que ela poder&#xE1; ser efetivamente derrotada.</subfield>
  </datafield>
  <datafield tag="942" ind1=" " ind2=" ">
    <subfield code="c">BK</subfield>
  </datafield>
  <datafield tag="952" ind1=" " ind2=" ">
    <subfield code="0">0</subfield>
    <subfield code="1">0</subfield>
    <subfield code="4">0</subfield>
    <subfield code="7">0</subfield>
    <subfield code="a">80.1</subfield>
    <subfield code="b">80.1</subfield>
    <subfield code="d">2024-02-09</subfield>
    <subfield code="l">0</subfield>
    <subfield code="o">TOR</subfield>
    <subfield code="p">A29842</subfield>
    <subfield code="r">2024-02-09 21:19:57</subfield>
    <subfield code="w">2024-02-09</subfield>
    <subfield code="y">BK</subfield>
  </datafield>
  <datafield tag="999" ind1=" " ind2=" ">
    <subfield code="c">123753</subfield>
    <subfield code="d">123753</subfield>
  </datafield>
</record>
